Dictionary of Malayalam Pharases and Idioms (Record no. 18057)

MARC details
000 -LEADER
fixed length control field 00408nam a2200145Ia 4500
008 - FIXED-LENGTH DATA ELEMENTS--GENERAL INFORMATION
fixed length control field 211109s9999||||xx |||||||||||||| ||und||
082 ## - DEWEY DECIMAL CLASSIFICATION NUMBER
Classification number 413
Item number RAM-D
100 ## - MAIN ENTRY--PERSONAL NAME
Personal name Ramalingam Pillai, T
245 #0 - TITLE STATEMENT
Title Dictionary of Malayalam Pharases and Idioms
260 ## - PUBLICATION, DISTRIBUTION, ETC.
Name of publisher, distributor, etc. R.S.Pillai
Place of publication, distribution, etc. Triv
Date of publication, distribution, etc. 1930
300 ## - PHYSICAL DESCRIPTION
Extent 989p.
630 ## - SUBJECT ADDED ENTRY--UNIFORM TITLE
General subdivision POST GRADUATE REFERENCE
650 ## - SUBJECT ADDED ENTRY--TOPICAL TERM
Topical term or geographic name entry element DICTIONARY
942 ## - ADDED ENTRY ELEMENTS (KOHA)
Koha item type BOOK
650 ## - SUBJECT ADDED ENTRY--TOPICAL TERM
Form subdivision PHARASESIDIOMS
General subdivision Malayalam
Holdings
Withdrawn status Lost status Damaged status Not for loan Home library Current library Date acquired Cost, normal purchase price Total Checkouts Full call number Barcode Shelving location Date last seen Price effective from Koha item type
        SB LIBRARY SB LIBRARY 09/11/2021 25.00   413 RAM-D 00018725 POST GRADUATE REFERENCE 09/11/2021 09/11/2021 BOOK

Powered by Koha